| 000 | 00610nam a22001457a 4500 | ||
|---|---|---|---|
| 022 | _a8821716406 | ||
| 080 | _a343= 50 il 1 | ||
| 245 | _aIl Nuovo Diritto Penale delle Societá | ||
| 260 |
_bEditorial Ipsoa _c2002 |
||
| 300 | _a645 P. | ||
| 650 |
_2IEDCYT _xderecho penal _xderecho penal de personas juridicas _xderecho societario |
||
| 700 |
_aAlessandri, A. _eAlessandri, A. _eCereza- Gastaldo, M. _eFilippi, E. _eFoffani, L. _eGiavazzi, S. _eMiedico, M. _eMontani, E. _eMucciarelli, E. _ePaliero, C: E: _ePulitanó, D. _eSeminara, S. _eSfameni, P: _eSimoni, E. _eZanchetti, M. |
||
| 942 | _2cdu | ||
| 945 |
_acd _d2016-08-08 |
||
| 999 |
_c4355 _d234859 |
||